000
00247nam a2200097Ia 4500
008
190216s9999||||xx |||||||||||||| ||und||
100
_a
Null
245
0
_a
Hindi-Subod Hindi Vyakarana
260
_b
Sahithya Pravarthaka Sahakarana Sangam
942
_c
BK
999
_c
18413
_d
18413